Firestone - Kygo Feat. Conrad Sewell - All Lyrics - Statistics

General Stats
  • This quiz has been taken 67 times
  • The average score is 164 of 217
Answer Stats
Answer % Correct
a
98%
fire
98%
a
95%
Firestone
95%
Y
95%
oh
93%
Whoa,
93%
you
93%
we
90%
We
90%
X
90%
the
88%
I'm
86%
I’m
86%
When
86%
when
86%
world
86%
World
86%
in
83%
up,
83%
up
83%
you're
83%
You're
83%
light
81%
love
81%
flame,
79%
of
79%
To
79%
are
76%
are,
76%
hearts
76%
me
76%
And
74%
dark
74%
inspire
74%
Our
74%
our
74%
can
71%
from
71%
like
71%
need
71%
burn
69%
here
69%
Here
69%
higher
69%
tonight
69%
desire
67%
far
67%
Feel
67%
feel
67%
Take
67%
take
67%
firestones
64%
ignite
64%
they
64%
touch,
64%
will
64%
bones
62%
Or
62%
There’s
62%
not
60%
together
60%
fly,
57%
night
55%
strangers
55%
testify
55%
changin'
52%
come
52%
dance
52%
strike,
52%
Sparks
50%
we'll
48%
it
36%
Perfect
33%
No matching quizzes found
Score Distribution
Percent of People with Each Score
Percentile by Number Answered
Your Score History
You have not taken this quiz